[Event "23rd European Teams"]
[Site "Terme Catez SLO"]
[Date "2021.11.14"]
[Round "3.2"]
[Board "3"]
[White "Mamedov, Rauf"]
[Black "Keymer, Vincent"]
[Result "1/2-1/2"]
[WhiteTitle "GM"]
[BlackTitle "GM"]
[WhiteElo "2673"]
[BlackElo "2639"]
[WhiteTeam "Azerbaijan"]
[BlackTeam "Germany"]
[WhiteFideId "13401653"]
[BlackFideId "12940690"]
[EventDate "2021.11.12"]

1. e4 c6 2. d4 d5 3. Nd2 dxe4 4. Nxe4 Bf5 5. Ng3 Bg6 6. Nf3 Nd7 7. h4 h6 8. h5
Bh7 9. Bd3 Bxd3 10. Qxd3 e6 11. Bd2 Ngf6 12. O-O-O Be7 13. Ne4 Qb6 14. Nxf6+
Nxf6 15. Qe2 c5 16. dxc5 Bxc5 17. Bc3 O-O 18. Bxf6 gxf6 19. Rd3 Rad8 20. Rhd1
Rxd3 21. Rxd3 Rd8 22. Ne1 Rxd3 23. Nxd3 Bd6 24. Qg4+ Kh7 25. Qh4 Kg7 26. Qg4+
Kh7 27. Qa4 f5 28. g4 fxg4 29. Qe4+ Kg8 30. Qxg4+ Kf8 31. Qe4 Qb5 32. Qd4 Ke7
33. Qxa7 Qg5+ 34. f4 Bxf4+ 35. Kb1 Qd5 36. a4 Bd6 37. a5 Qh1+ 38. Ka2 Qc6 39.
Kb1 Qh1+ 40. Ka2 Qd5+ 41. Kb1 Qc6 42. Qg1 Qb5 43. Qa7 Bc7 44. b4 Bd6 45. c4 Qc6
46. Qd4 Qh1+ 47. Kc2 Qxh5 48. Qe4 Kf8 49. Qxb7 Qe2+ 50. Kc3 Be7 51. Qb8+ Kg7 52.
Qg3+ Bg5 53. a6 e5 54. Qf2 Qd1 55. a7 e4 56. Ne5 Qa1+ 57. Kb3 Qd1+ 58. Qc2 Qa1
59. Qc3 Qd1+ 60. Qc2 Qa1 61. Qc3 Qd1+ 62. Qc2 1/2-1/2

[Event "23rd European Teams"]
[Site "Terme Catez SLO"]
[Date "2021.11.14"]
[Round "3.3"]
[Board "2"]
[White "Vachier-Lagrave, Maxime"]
[Black "Berkes, Ferenc"]
[Result "1/2-1/2"]
[WhiteTitle "GM"]
[BlackTitle "GM"]
[WhiteElo "2766"]
[BlackElo "2676"]
[WhiteTeam "France"]
[BlackTeam "Hungary"]
[WhiteFideId "623539"]
[BlackFideId "718572"]
[EventDate "2021.11.12"]

1. e4 e5 2. Nf3 Nc6 3. Bc4 Nf6 4. d3 Bc5 5. O-O a6 6. c3 Ba7 7. a4 O-O 8. Re1 d6
9. h3 Re8 10. Nbd2 Be6 11. Qc2 Qd7 12. Bxe6 Qxe6 13. Nf1 d5 14. Be3 Bxe3 15.
Nxe3 dxe4 16. dxe4 Na5 17. c4 c5 18. Rad1 h6 19. Nd5 Rac8 20. Nxf6+ Qxf6 21. Rd7
b6 22. Red1 Nc6 23. R1d6 Re6 24. Qd3 Nd4 25. Rxe6 Qxe6 26. Rd5 Re8 27. Nxe5 f6
28. Ng4 Qxe4 29. Qxe4 Rxe4 30. Ne3 Kf7 31. a5 bxa5 32. Rxc5 Nb3 33. Rc7+ Re7 34.
Rc6 Re6 35. Rc7+ Re7 36. Rc6 Re6 37. Rc8 Re8 38. Rc7+ 1/2-1/2

[Event "23rd European Teams"]
[Site "Terme Catez SLO"]
[Date "2021.11.14"]
[Round "3.3"]
[Board "3"]
[White "Gledura, Benjamin"]
[Black "Bacrot, Etienne"]
[Result "1-0"]
[WhiteTitle "GM"]
[BlackTitle "GM"]
[WhiteElo "2635"]
[BlackElo "2647"]
[WhiteTeam "Hungary"]
[BlackTeam "France"]
[WhiteFideId "712779"]
[BlackFideId "605506"]
[EventDate "2021.11.12"]

1. d4 d5 2. c4 dxc4 3. Nf3 Nf6 4. e3 e6 5. Bxc4 c5 6. O-O a6 7. Be2 Nbd7 8. Nc3
b5 9. d5 exd5 10. Nxd5 Bb7 11. Nxf6+ Qxf6 12. a4 b4 13. Qc2 Be7 14. e4 h6 15.
Be3 O-O 16. Nd2 a5 17. Rac1 Rfd8 18. f3 Qe6 19. Bb5 Ne5 20. Nc4 Ba6 21. Bxa6
Rxa6 22. Nxe5 Qxe5 23. b3 Qe6 24. Rfd1 Rad6 25. Rxd6 Rxd6 26. Kf2 Rd8 27. Qc4
Qxc4 28. Rxc4 Rd3 29. Bxc5 Bf6 30. f4 g5 31. e5 Bg7 32. Bb6 Rxb3 33. Bxa5 Rb2+
34. Kf3 b3 35. Rb4 Rb1 36. Rb8+ Kh7 37. Bc3 Rf1+ 38. Ke3 1-0

[Event "23rd European Teams"]
[Site "Terme Catez SLO"]
[Date "2021.11.14"]
[Round "3.3"]
[Board "4"]
[White "Lagarde, Maxime"]
[Black "Kantor, Gergely"]
[Result "0-1"]
[WhiteTitle "GM"]
[BlackTitle "GM"]
[WhiteElo "2647"]
[BlackElo "2566"]
[WhiteTeam "France"]
[BlackTeam "Hungary"]
[WhiteFideId "662399"]
[BlackFideId "751499"]
[EventDate "2021.11.12"]

1. e4 e5 2. Nf3 Nc6 3. Bb5 a6 4. Ba4 Nf6 5. Nc3 Be7 6. Bxc6 dxc6 7. a3 O-O 8. d3
Qd6 9. Qe2 c5 10. Nd1 b5 11. Ne3 c4 12. dxc4 Nxe4 13. O-O c6 14. cxb5 axb5 15.
Nc4 bxc4 16. Qxe4 Qd5 17. Qxe5 Bf6 18. Qg3 c3 19. b3 Bf5 20. Bg5 Bxg5 21. Qxg5
Bxc2 22. Qxd5 cxd5 23. Nd4 Bg6 24. Rfc1 Rfc8 25. h4 h5 26. Ra2 c2 27. Ne2 Rab8
28. Rb2 Rc4 29. bxc4 Rxb2 30. cxd5 Rb1 31. d6 Kf8 32. f3 Bd3 33. Kf2 Ke8 34. Ke3
Bxe2 35. Rxc2 Ba6 36. Rc7 Rd1 37. Rc6 Rd3+ 38. Ke4 Bb7 39. Kxd3 Bxc6 40. Kd4 f6
41. Ke3 Kd7 42. Kf4 g6 43. g4 Kxd6 0-1

[Event "23rd European Teams"]
[Site "Terme Catez SLO"]
[Date "2021.11.14"]
[Round "3.4"]
[Board "1"]
[White "Duda, Jan-Krzysztof"]
[Black "Deac, Bogdan-Daniel"]
[Result "1/2-1/2"]
[WhiteTitle "GM"]
[BlackTitle "GM"]
[WhiteElo "2756"]
[BlackElo "2651"]
[WhiteTeam "Poland"]
[BlackTeam "Romania"]
[WhiteFideId "1170546"]
[BlackFideId "1226380"]
[EventDate "2021.11.12"]

1. d4 Nf6 2. c4 e6 3. Nc3 Bb4 4. Qc2 O-O 5. a3 Bxc3+ 6. Qxc3 b6 7. Bg5 Bb7 8. f3
h6 9. Bh4 d5 10. cxd5 exd5 11. e3 Re8 12. Bb5 c6 13. Ba4 Nbd7 14. Ne2 Qe7 15.
Bf2 Ba6 16. Qd2 c5 17. Bd1 Rac8 18. Rc1 Bc4 19. O-O cxd4 20. exd4 Bxe2 21. Rxc8
Bxf1 22. Rxe8+ Nxe8 23. Kxf1 Nd6 24. Qc3 Nf8 25. a4 Qd7 26. Bc2 Ne6 27. b3 Kf8
28. Bg3 Ke7 29. Bd3 Qc7 30. Qe1 Qc6 31. Bf2 Kd7 32. Qd2 g5 33. Kg1 Kc7 34. Bf1
Kb7 35. a5 b5 36. h4 Ka6 37. hxg5 hxg5 38. Bg3 Nb7 39. b4 Nd6 40. Qd3 Nc4 41.
Qf5 Qd7 42. Qf6 Nd6 43. Bd3 Kb7 44. Qh8 Nc4 45. Qb8+ Ka6 46. Qg8 Nf4 47. Bf1 Ne6
48. Bd3 Nf4 49. Bf1 Ne6 50. Bd3 1/2-1/2

[Event "23rd European Teams"]
[Site "Terme Catez SLO"]
[Date "2021.11.14"]
[Round "3.4"]
[Board "2"]
[White "Lupulescu, Constantin"]
[Black "Wojtaszek, Radoslaw"]
[Result "1/2-1/2"]
[WhiteTitle "GM"]
[BlackTitle "GM"]
[WhiteElo "2624"]
[BlackElo "2700"]
[WhiteTeam "Romania"]
[BlackTeam "Poland"]
[WhiteFideId "1207822"]
[BlackFideId "1118358"]
[EventDate "2021.11.12"]

1. e4 c5 2. Nf3 d6 3. d4 cxd4 4. Nxd4 Nf6 5. Nc3 a6 6. a4 e5 7. Nf3 Be7 8. Bg5
Be6 9. Bxf6 Bxf6 10. Nd5 Nc6 11. Bc4 Rc8 12. Ne3 Nd4 13. Bxe6 fxe6 14. c3 Nxf3+
15. Qxf3 O-O 16. O-O Bg5 17. Qe2 Qb6 18. a5 Qc5 19. Nc2 Bd8 20. Ne3 Bg5 21. Nc2
Bd8 22. Ne3 Bg5 1/2-1/2

[Event "23rd European Teams"]
[Site "Terme Catez SLO"]
[Date "2021.11.14"]
[Round "3.4"]
[Board "3"]
[White "Piorun, Kacper"]
[Black "Parligras, Mircea-Emilian"]
[Result "1-0"]
[WhiteTitle "GM"]
[BlackTitle "GM"]
[WhiteElo "2634"]
[BlackElo "2576"]
[WhiteTeam "Poland"]
[BlackTeam "Romania"]
[WhiteFideId "1130420"]
[BlackFideId "1204297"]
[EventDate "2021.11.12"]

1. d4 Nf6 2. c4 e6 3. Nf3 d5 4. g3 Bb4+ 5. Bd2 Be7 6. Bg2 O-O 7. O-O c6 8. Bf4
Nbd7 9. Nc3 dxc4 10. e4 b5 11. d5 cxd5 12. exd5 exd5 13. Nxd5 Nxd5 14. Qxd5 Ba6
15. Nd4 Bf6 16. Nc6 Bb7 17. Rad1 Rc8 18. Qxb5 Qb6 19. Nxa7 Qxb5 20. Nxb5 Bxg2
21. Kxg2 Ne5 22. Nd6 Rc6 23. b3 cxb3 24. axb3 Ng6 25. Be3 Rb8 26. Nc4 Rc7 27.
Rd3 Rcb7 28. Rb1 Rb4 29. Na5 Rc8 30. Rc1 Rxc1 31. Bxc1 Rb5 32. Nc4 h5 33. f4 Ne7
34. Be3 Rb8 35. Nb6 Nf5 36. Bf2 Bd8 37. Nd5 Ne7 38. b4 h4 39. Nc3 hxg3 40. hxg3
Bb6 41. Rd7 Bxf2 42. Kxf2 Kf8 43. b5 Ke8 44. Rd3 Nc8 45. Ke3 Nb6 46. Nd5 Nd7 47.
Kd4 Kd8 48. Kc4 Rc8+ 49. Kb4 Ke8 50. Ra3 Nb8 51. Ra7 Rd8 52. Kc4 Rc8+ 53. Kd4
Rd8 54. g4 Nd7 55. Kc4 Rc8+ 56. Kb4 Rd8 57. g5 Nb8 58. Kc4 Rc8+ 59. Kd4 Rd8 60.
Rc7 Nd7 61. Kc4 Rb8 62. Kb4 Kd8 63. Ra7 Ke8 64. Ra1 Rd8 65. Re1+ Kf8 66. Rh1 Ke8
67. b6 Nb8 68. Kc5 Kd7 69. b7 Re8 70. Rh7 Re1 71. Rxg7 Rc1+ 72. Kb5 Ke6 73. Rg8
Nd7 74. Rd8 Rc5+ 75. Kb4 Rc1 76. Nc3 Rc2 77. Kb3 1-0

[Event "23rd European Teams"]
[Site "Terme Catez SLO"]
[Date "2021.11.14"]
[Round "3.5"]
[Board "1"]
[White "Christiansen, Johan-Sebastian"]
[Black "Volokitin, Andrei"]
[Result "0-1"]
[WhiteTitle "GM"]
[BlackTitle "GM"]
[WhiteElo "2582"]
[BlackElo "2656"]
[WhiteTeam "Norway"]
[BlackTeam "Ukraine"]
[WhiteFideId "1512668"]
[BlackFideId "14107090"]
[EventDate "2021.11.12"]

1. c4 Nf6 2. Nf3 c5 3. Nc3 d5 4. cxd5 Nxd5 5. e3 e6 6. Nxd5 exd5 7. b4 c4 8. Bb2
Bxb4 9. Bxg7 Rg8 10. Bb2 Nc6 11. Qc2 Rg6 12. h4 h5 13. Be2 Bg4 14. Nd4 Qd7 15.
g3 Bc5 16. Nxc6 Rxc6 17. Bxg4 Qxg4 18. Be5 O-O-O 19. Qh7 d4 20. O-O Qg6 21. Qxg6
fxg6 22. a4 Rd5 23. Bg7 Bb4 24. Bxd4 Bxd2 25. Bb2 c3 26. Bc1 c2 27. Kg2 Bxc1 28.
Rfxc1 Rd2 29. e4 Rc3 30. Ra2 Kd7 31. a5 Ke6 32. Rb2 Ke5 33. Rb5+ Ke6 34. Rb2 Kd6
35. Ra2 Ke5 36. Rb2 Kxe4 37. Rb4+ Kd3 38. Rxb7 Rd1 39. Rd7+ Ke2 40. Re7+ Kd2 41.
Rxc2+ Rxc2 42. Rxa7 Ke1 0-1

[Event "23rd European Teams"]
[Site "Terme Catez SLO"]
[Date "2021.11.14"]
[Round "3.5"]
[Board "2"]
[White "Kuzubov, Yuriy"]
[Black "Urkedal, Frode Olav Olsen"]
[Result "1/2-1/2"]
[WhiteTitle "GM"]
[BlackTitle "GM"]
[WhiteElo "2637"]
[BlackElo "2569"]
[WhiteTeam "Ukraine"]
[BlackTeam "Norway"]
[WhiteFideId "14112906"]
[BlackFideId "1506102"]
[EventDate "2021.11.12"]

1. d4 Nf6 2. c4 e6 3. Nf3 d5 4. Nc3 Be7 5. Bg5 O-O 6. e3 h6 7. Bh4 b6 8. cxd5
Nxd5 9. Bxe7 Qxe7 10. Nxd5 exd5 11. Be2 Be6 12. O-O Nd7 13. Ne1 c5 14. dxc5 bxc5
15. Nd3 Rab8 16. b3 Rfd8 17. Rc1 Rbc8 18. Qd2 Nf6 19. Nf4 Bf5 20. Ba6 Rc6 21.
Bd3 Bxd3 22. Qxd3 d4 23. exd4 Rxd4 24. Qf3 Qe4 25. Qxe4 Nxe4 26. f3 Nf6 27. g3
g5 28. Ng2 Nd5 29. Rfe1 c4 30. Rxc4 Rdxc4 31. bxc4 Rxc4 32. Ne3 Nxe3 1/2-1/2

[Event "23rd European Teams"]
[Site "Terme Catez SLO"]
[Date "2021.11.14"]
[Round "3.5"]
[Board "3"]
[White "Hauge, Lars Oskar"]
[Black "Shevchenko, Kirill"]
[Result "1/2-1/2"]
[WhiteTitle "IM"]
[BlackTitle "GM"]
[WhiteElo "2490"]
[BlackElo "2647"]
[WhiteTeam "Norway"]
[BlackTeam "Ukraine"]
[WhiteFideId "1509276"]
[BlackFideId "14129574"]
[EventDate "2021.11.12"]

1. e4 c5 2. Nf3 Nc6 3. Bb5 g6 4. Nc3 Bg7 5. d3 d6 6. Bxc6+ bxc6 7. O-O e5 8. Ne1
Rb8 9. Rb1 Nf6 10. f4 exf4 11. Bxf4 O-O 12. Nf3 Nh5 13. Be3 f5 14. e5 Re8 15.
Bg5 Qd7 16. exd6 Qxd6 17. Qd2 Be6 18. b3 Bd5 19. Nxd5 cxd5 20. Rbe1 f4 21. Rxe8+
Rxe8 22. Re1 Rxe1+ 23. Qxe1 h6 24. Be7 Qc6 25. Qa5 c4 26. Qc5 Qe6 27. dxc4 dxc4
28. Qxc4 Qxc4 29. bxc4 Kf7 30. Bc5 a6 31. Kf1 g5 32. Bd4 Ke6 33. c3 g4 34. Nd2
Be5 35. Ke2 Nf6 36. Kd3 h5 37. Bg1 h4 38. c5 Bc7 39. Nb3 Ke5 40. Nd4 Nd7 41.
Nc6+ Ke6 42. Nd4+ Ke5 43. Ne2 Kf5 44. Nd4+ 1/2-1/2

[Event "23rd European Teams"]
[Site "Terme Catez SLO"]
[Date "2021.11.14"]
[Round "3.5"]
[Board "4"]
[White "Onyshchuk, Volodymyr"]
[Black "Notkevich, Benjamin Arvola"]
[Result "1/2-1/2"]
[WhiteTitle "GM"]
[BlackTitle "GM"]
[WhiteElo "2622"]
[BlackElo "2471"]
[WhiteTeam "Ukraine"]
[BlackTeam "Norway"]
[WhiteFideId "14114038"]
[BlackFideId "1506536"]
[EventDate "2021.11.12"]

1. e4 c5 2. Nf3 d6 3. Bb5+ Bd7 4. Bxd7+ Qxd7 5. c4 Nc6 6. Nc3 g6 7. d4 cxd4 8.
Nxd4 Bg7 9. Be3 Nf6 10. f3 O-O 11. O-O a6 12. a4 e6 13. Rc1 Ne5 14. b3 d5 15.
exd5 exd5 16. c5 Rfe8 17. Bf2 Rac8 18. b4 Bh6 19. Ra1 Nh5 20. Nde2 Rcd8 21. Kh1
Nc4 22. Qd3 Ne3 23. Rfe1 f5 24. Bh4 Rc8 25. Rab1 Qf7 26. Bf2 Rcd8 27. g3 d4 28.
Nxd4 f4 29. Bxe3 fxe3 30. Kg2 Bg7 31. Nce2 Rd5 32. Rbd1 Bf6 33. Qc2 Red8 34. Nb3
Ng7 35. Nf4 Rxd1 36. Rxd1 Rxd1 37. Qxd1 Nf5 38. Qd3 Kg7 39. b5 axb5 40. axb5 Be5
41. Ne2 h5 42. f4 Bf6 43. Kf1 Qe6 44. Na5 Qa2 45. Nb3 Qa4 46. Kg2 Qb4 47. Kf1
Kh6 48. c6 bxc6 49. bxc6 Qb6 50. Qc4 Qd8 51. Kg2 Qd1 52. c7 Nd6 53. Qa6 Qd5+ 54.
Kg1 Qd1+ 55. Kg2 Qd5+ 56. Kg1 Qxb3 57. Qxd6 Qb1+ 58. Kg2 Qe4+ 59. Kg1 Qf3 60.
c8=Q Qf2+ 61. Kh1 Qf3+ 62. Kg1 Qf2+ 63. Kh1 Qf3+ 1/2-1/2

[Event "23rd European Teams"]
[Site "Terme Catez SLO"]
[Date "2021.11.14"]
[Round "3.6"]
[Board "1"]
[White "Nabaty, Tamir"]
[Black "Sargissian, Gabriel"]
[Result "0-1"]
[WhiteTitle "GM"]
[BlackTitle "GM"]
[WhiteElo "2649"]
[BlackElo "2664"]
[WhiteTeam "Israel"]
[BlackTeam "Armenia"]
[WhiteFideId "2809052"]
[BlackFideId "13300881"]
[EventDate "2021.11.12"]

1. d4 d5 2. c4 e6 3. Nc3 Nf6 4. cxd5 exd5 5. Bg5 c6 6. Qc2 h6 7. Bh4 Be7 8. e3
O-O 9. Bd3 Re8 10. Nge2 Nbd7 11. O-O Nh5 12. Bxe7 Qxe7 13. a3 Nb6 14. Rae1 Bd7
15. Nc1 Rad8 16. b4 Nf6 17. Nb3 Ne4 18. Bxe4 dxe4 19. Nd2 f5 20. f3 exf3 21.
Nxf3 Nc4 22. e4 f4 23. Qc1 Bg4 24. Nd2 Rxd4 25. Nxc4 Rxc4 26. Qxf4 Rxc3 27. Qxg4
Rxa3 28. e5 Qe6 29. Rf5 Rd3 30. Ref1 Re3 31. Rf8+ Kh7 32. Qxe6 Rxe6 33. R8f7 b5
34. Rxa7 R3xe5 35. Rff7 Rg6 36. Ra2 Re4 37. Rb2 Rc4 38. h3 Rf6 39. Rc7 h5 40.
Kh2 h4 41. Re7 Rf1 42. Re5 g6 43. Rd2 Rxb4 44. Re6 Rbb1 45. g4 Rh1+ 46. Kg2
Rbg1+ 47. Kf2 Rh2+ 48. Kxg1 Rxd2 49. Rxc6 Rd3 50. Kg2 Rg3+ 51. Kh2 Kh6 52. Rc5
b4 53. Rd5 b3 54. Rb5 Rc3 55. Kg2 Rd3 56. Rc5 Rd2+ 57. Kf3 Rh2 58. g5+ Kh5 59.
Rc8 Kxg5 60. Rc5+ Kf6 61. Kg4 b2 62. Rb5 Ke6 63. Kxh4 Kd6 64. Kg5 Rg2+ 65. Kf6
g5 66. Kf5 Kc6 67. Rb8 Kd5 68. Kf6 Kd4 69. Rb5 Kc3 70. Kf5 Rg3 0-1

[Event "23rd European Teams"]
[Site "Terme Catez SLO"]
[Date "2021.11.14"]
[Round "3.6"]
[Board "2"]
[White "Martirosyan, Haik M."]
[Black "Smirin, Ilia"]
[Result "1/2-1/2"]
[WhiteTitle "GM"]
[BlackTitle "GM"]
[WhiteElo "2624"]
[BlackElo "2616"]
[WhiteTeam "Armenia"]
[BlackTeam "Israel"]
[WhiteFideId "13306553"]
[BlackFideId "2801990"]
[EventDate "2021.11.12"]

1. d4 Nf6 2. c4 g6 3. Nf3 Bg7 4. g3 O-O 5. Bg2 d6 6. O-O Nc6 7. Nc3 e5 8. dxe5
dxe5 9. Bg5 h6 10. Qxd8 Rxd8 11. Bxf6 Bxf6 12. Nd5 Kg7 13. Nxc7 Rb8 14. e4 Be7
15. Nd5 Bc5 16. Ne1 Nb4 17. a3 Nxd5 18. exd5 Bf5 19. b4 Bd4 20. Ra2 a5 21. Nf3
Bc3 22. bxa5 Rbc8 23. Rc1 Rxc4 24. Nh4 Bd3 25. Bf1 Rxd5 26. Bxd3 Rxd3 27. Rac2
Rc6 28. a6 Bd4 29. axb7 Rb6 30. Rc7 Rdb3 31. R1c2 1/2-1/2

[Event "23rd European Teams"]
[Site "Terme Catez SLO"]
[Date "2021.11.14"]
[Round "3.6"]
[Board "3"]
[White "Postny, Evgeny"]
[Black "Hovhannisyan, Robert"]
[Result "1/2-1/2"]
[WhiteTitle "GM"]
[BlackTitle "GM"]
[WhiteElo "2557"]
[BlackElo "2622"]
[WhiteTeam "Israel"]
[BlackTeam "Armenia"]
[WhiteFideId "2804344"]
[BlackFideId "13302507"]
[EventDate "2021.11.12"]

1. d4 d5 2. c4 c6 3. Nf3 Nf6 4. Qb3 e6 5. Bg5 Nbd7 6. Nc3 h6 7. Bh4 dxc4 8. Qxc4
a6 9. e3 c5 10. Be2 b5 11. Qb3 Bb7 12. O-O Rc8 13. a3 Bd6 14. Rfd1 Qc7 15. Bg3
Bxg3 16. hxg3 O-O 17. Rac1 Rfd8 18. dxc5 Nxc5 19. Qb4 Nce4 20. Nxe4 Rxd1+ 21.
Rxd1 Bxe4 22. Qd2 Bd5 23. Bd3 Qb7 24. Rc1 Rxc1+ 25. Qxc1 Be4 26. Be2 Qd5 27. Ne1
Kh7 28. Qd1 Qe5 29. Qd2 Bg6 30. Nf3 Qf5 31. Qc1 Qd5 32. Ne1 Nd7 33. Qd1 Qxd1 34.
Bxd1 Nb6 35. Bb3 e5 36. Kf1 f6 37. Ke2 Be4 38. f3 Bc6 39. Nd3 a5 40. Nc5 h5 41.
Be6 Kg6 42. Nb3 a4 43. Na5 Bd5 44. Bxd5 Nxd5 45. Nb7 f5 46. Nd6 Nc7 47. e4 fxe4
48. Nxe4 Kf5 49. Nc3 Ke6 50. Kd3 Kd6 51. Ke4 g6 52. f4 exf4 53. gxf4 h4 54. Nb1
Ne6 55. Nd2 g5 56. fxg5 Nxg5+ 57. Kf4 h3 58. gxh3 Nxh3+ 59. Ke3 Kc5 60. Kd3 1/2-1/2

[Event "23rd European Teams"]
[Site "Terme Catez SLO"]
[Date "2021.11.14"]
[Round "3.6"]
[Board "4"]
[White "Ter-Sahakyan, Samvel"]
[Black "Boruchovsky, Avital"]
[Result "1/2-1/2"]
[WhiteTitle "GM"]
[BlackTitle "GM"]
[WhiteElo "2615"]
[BlackElo "2542"]
[WhiteTeam "Armenia"]
[BlackTeam "Israel"]
[WhiteFideId "13302531"]
[BlackFideId "2800055"]
[EventDate "2021.11.12"]

1. e4 e5 2. Nf3 Nc6 3. Bb5 a6 4. Ba4 Nf6 5. O-O Be7 6. Re1 b5 7. Bb3 d6 8. c3
O-O 9. h3 Nb8 10. d4 Nbd7 11. Nbd2 Bb7 12. Bc2 Re8 13. Nf1 Bf8 14. Ng3 g6 15.
Bg5 h6 16. Bd2 Bg7 17. a4 Nb6 18. b3 bxa4 19. bxa4 Nc4 20. Rb1 Nxd2 21. Qxd2 Rb8
22. Bd3 Bc6 23. Rxb8 Qxb8 24. Qa2 exd4 25. cxd4 Qa8 26. Bc4 Re7 27. Nh4 d5 28.
Bb3 Nxe4 29. Nxe4 Kf8 30. Re2 dxe4 31. Bxf7 Rxf7 32. Nxg6+ Kg8 33. Ne7+ Kf8 34.
Ng6+ Kg8 35. Ne7+ 1/2-1/2

[Event "23rd European Teams"]
[Site "Terme Catez SLO"]
[Date "2021.11.14"]
[Round "3.7"]
[Board "1"]
[White "Giri, Anish"]
[Black "Saric, Ivan"]
[Result "1-0"]
[WhiteTitle "GM"]
[BlackTitle "GM"]
[WhiteElo "2774"]
[BlackElo "2665"]
[WhiteTeam "Netherlands"]
[BlackTeam "Croatia"]
[WhiteFideId "24116068"]
[BlackFideId "14508150"]
[EventDate "2021.11.12"]

1. c4 e5 2. Nc3 Bb4 3. Nd5 Bc5 4. e3 Nf6 5. b4 Be7 6. Nxe7 Qxe7 7. Bb2 O-O 8.
Ne2 Re8 9. a3 a5 10. b5 c5 11. Ng3 d6 12. Bd3 Nbd7 13. O-O Nf8 14. f4 b6 15. Qc2
Ra7 16. h3 Ng6 17. fxe5 dxe5 18. Rf2 Qd8 19. Raf1 Nh4 20. Rxf6 gxf6 21. Bxh7+
Kf8 22. Bc3 Bb7 23. Be4 Ba8 24. Rf2 Bxe4 25. Qxe4 Ng6 26. h4 Re6 27. h5 Ne7 28.
Qh7 Ke8 29. Ne4 f5 30. Ng5 Kd7 31. Qxf7 Rh6 32. Rxf5 Qe8 33. g4 Qxf7 34. Rxf7
Ra8 35. Bxe5 Rg8 36. Bg7 1-0

[Event "23rd European Teams"]
[Site "Terme Catez SLO"]
[Date "2021.11.14"]
[Round "3.7"]
[Board "3"]
[White "Van Foreest, Jorden"]
[Black "Stevic, Hrvoje"]
[Result "1/2-1/2"]
[WhiteTitle "GM"]
[BlackTitle "GM"]
[WhiteElo "2701"]
[BlackElo "2581"]
[WhiteTeam "Netherlands"]
[BlackTeam "Croatia"]
[WhiteFideId "1039784"]
[BlackFideId "14502569"]
[EventDate "2021.11.12"]

1. d4 d5 2. c4 dxc4 3. Nf3 Nf6 4. e3 e6 5. Bxc4 a6 6. O-O b5 7. Be2 Bb7 8. a4 b4
9. Nbd2 Nbd7 10. Nc4 c5 11. dxc5 Nxc5 12. Bd2 Rb8 13. Nd4 Bd5 14. a5 Be7 15. Nb6
b3 16. f3 O-O 17. Bc3 Rxb6 18. axb6 Qxb6 19. Kh1 Rc8 20. Ra3 h6 21. e4 Ncxe4 22.
fxe4 Bxa3 23. exd5 Nxd5 24. Nxb3 Nxc3 25. bxc3 Rxc3 26. Nd2 Rc1 27. Qb3 Rxf1+
28. Bxf1 Qd6 29. Ne4 Qf4 30. Ng3 Qc1 31. Qa4 Bc5 32. Qxa6 g6 33. Ne4 Bd4 34. Qd3
Qa1 35. Qf3 Be5 36. g3 Kg7 37. Kg2 Qb2+ 38. Be2 Qc1 39. h4 h5 40. Bd3 Qb2+ 41.
Kh3 Qd4 42. Bb5 Qd8 43. Bc4 Qe7 44. Qe3 Qb7 45. Be2 Qb1 46. Qf3 Qb4 47. Bd3 Qb7
48. Qe2 Qb2 49. Qf3 Qb7 50. Qe3 Qd5 51. Be2 Bd4 52. Qf3 Be5 53. Qg2 Qd4 54. Bf3
Qe3 55. Qf1 Bd4 56. Bg2 Be5 57. Qb5 Qd4 58. Bf3 Qb2 59. Qd7 Qd4 60. Qe7 Qg1 61.
Qg5 Bd4 62. Bg2 Qe3 63. Qb5 Qa3 64. Qb8 Qa7 65. Qd6 Qb6 66. Qf4 Qb2 67. Nd6 Qf2
68. Qg5 Bb2 69. Qb5 Bd4 70. Ne4 Qe3 71. Qb8 Qa3 72. Qf4 Qe7 73. Bf3 Bb2 74. Qe3
Be5 75. Nf2 Qd6 76. Nd3 Bxg3 77. Bxh5 Bxh4 78. Bxg6 Qg3+ 79. Qxg3 Bxg3 80. Bxf7
Kxf7 81. Kxg3 e5 82. Nxe5+ 1/2-1/2

[Event "23rd European Teams"]
[Site "Terme Catez SLO"]
[Date "2021.11.14"]
[Round "3.7"]
[Board "4"]
[White "Martinovic, Sasa"]
[Black "Warmerdam, Max"]
[Result "1-0"]
[WhiteTitle "GM"]
[BlackTitle "GM"]
[WhiteElo "2542"]
[BlackElo "2608"]
[WhiteTeam "Croatia"]
[BlackTeam "Netherlands"]
[WhiteFideId "14509792"]
[BlackFideId "1048104"]
[EventDate "2021.11.12"]

1. d4 d5 2. c4 e6 3. Nf3 Nf6 4. Nc3 dxc4 5. e4 b5 6. e5 Nd5 7. Nxb5 Nb6 8. Be2
Nc6 9. Be3 Bb4+ 10. Nc3 a5 11. a3 Bxc3+ 12. bxc3 a4 13. Nd2 Na5 14. Bf3 Rb8 15.
Ne4 Bb7 16. Bg5 Qc8 17. h4 Nb3 18. Ra2 Bd5 19. Rh3 Kd7 20. h5 h6 21. Bh4 Qf8 22.
Kf1 Kc8 23. Kg1 Nd7 24. Rg3 Rb5 25. Rg4 Kb8 26. Rf4 Nb6 27. g3 Ba8 28. Nc5 Nxc5
29. dxc5 Bxf3 30. Qxf3 Qxc5 31. Rxf7 Rb3 32. Rxg7 Nd5 33. Qg4 Qc6 34. Kh2 Rxc3
35. Rg6 Re8 36. Rxh6 Rb3 37. Bg5 c3 38. Bc1 Rb1 39. Rc2 Rf8 40. Qxe6 Qb5 41. Qa6
Qc5 42. Kh3 Qd4 43. Qe2 Re8 44. e6 Nf6 45. Qf3 Ne4 46. Re2 Qd1 47. Qxe4 Rxc1 48.
e7 c2 49. Rc6 Rxe7 50. Qxe7 Qh1+ 51. Kg4 Qxc6 52. Qe8+ Qxe8 53. Rxe8+ Kb7 54.
Re2 Kc6 55. h6 Kd5 56. Rxc2 1-0

[Event "23rd European Teams"]
[Site "Terme Catez SLO"]
[Date "2021.11.14"]
[Round "3.8"]
[Board "1"]
[White "Navara, David"]
[Black "Djukic, Nikola"]
[Result "1-0"]
[WhiteTitle "GM"]
[BlackTitle "GM"]
[WhiteElo "2699"]
[BlackElo "2519"]
[WhiteTeam "Czech Republic"]
[BlackTeam "Montenegro"]
[WhiteFideId "309095"]
[BlackFideId "922412"]
[EventDate "2021.11.12"]

1. Nf3 Nf6 2. c4 g6 3. Nc3 d5 4. cxd5 Nxd5 5. h4 Nxc3 6. bxc3 Bg7 7. h5 c5 8.
Qa4+ Nc6 9. Ba3 Qd6 10. d4 b6 11. h6 Bf6 12. e4 Bd7 13. Bb5 O-O 14. e5 Nxe5 15.
dxe5 Bxb5 16. Qxb5 Bxe5 17. Bb2 Bf6 18. Qe2 Rad8 19. c4 Bxb2 20. Qxb2 f6 21. O-O
e5 22. Rfd1 Qe7 23. Rd5 Rxd5 24. cxd5 c4 25. Rd1 Qc5 26. a4 a6 27. Rb1 Rb8 28.
Nxe5 c3 29. Qb3 fxe5 30. d6+ Kf8 31. Qe6 Rb7 32. Qf6+ Kg8 33. Qd8+ Kf7 34. d7
Qe7 35. Qh8 Qxd7 36. Qxh7+ Ke8 37. Qh8+ Kf7 38. Qg7+ Ke8 39. Qxe5+ Kf8 40. Qh8+ 1-0